| 000 | 00380nam a22001577a 4500 | ||
|---|---|---|---|
| 003 | SGT | ||
| 020 | _a9789395736725 | ||
| 082 |
_a615 _bSIN |
||
| 100 | _aSINKO PATRICK J | ||
| 245 | _aMARTIN’S PHYSICAL PHARMACY AND PHARMACEUTICAL SCIENCES | ||
| 250 | _a8TH | ||
| 260 |
_aINDIA _bWOLTER KLUWER _c2025 |
||
| 300 | _a714 | ||
| 650 | _aPHARMACEUTICAL SCIENCES | ||
| 942 |
_2ddc _cBK |
||
| 999 |
_c32829 _d32829 |
||